000 00619nam a2200181 i 4500
001 137210
003 ES-MaACL
005 20250827035256.0
007 t|
008 070214s1959 sp r ||||1| cat d
100 1 _aSallares, Joan.
_9101972
245 1 0 _aPrimer diccionari català d'excursionisme i dels seus vocables afins de geografía, ciències naturals i de la vida del camp /
_cJoan Sallarès.
260 _aBarcelona :
_bDalmau i Jover,
_c1959.
300 _a226 p., 2 lám. :
_bil. ;
_c18 cm.
650 0 7 _aExcursionismo
_2embne
_912651
852 _aES-MaACL
_jC-18080
_bR.44086
999 _c137210
_d137210